Filmographie Oliver Stone - Statistiques

Statistiques générales
  • Ce quiz a été pris 19 fois
  • Le résultat moyen est 8 sur 20
Statistiques - réponses
Année Films % Correct
1991 JFK
100%
1986 Platoon
80%
1989 Né un 4 juillet
67%
1995 Nixon
60%
1994 Tueurs nés
60%
1987 Wall Street
60%
2016 Snowden
47%
2010 Wall Street : L'argent ne dort jamais
40%
2004 Alexandre
33%
1986 Salvador
33%
1991 The Doors
33%
1993 Entre ciel et terre
27%
2012 Savages
27%
1997 U-Turn
27%
2006 World Trade Center
27%
1981 La Main du cauchemar
20%
1974 La Reine du mal
20%
1999 L'Enfer du dimanche
20%
2008 W. : L'Improbable Président
20%
1988 Conversations nocturnes
13%
Aucun quiz correspondant
Distribution des résultats
% des personnes avec chaque résultat
Percentile par nombre de réponses
Votre historique - résultats
Vous n’avez pas pris ce quiz